| 000 | 01100nam a22003377a 4500 | ||
|---|---|---|---|
| 001 | 1963506 | ||
| 003 | OSt | ||
| 005 | 20210426100320.0 | ||
| 008 | 880224s1988 cau 000 1 eng | ||
| 010 | _a 88002279 | ||
| 020 | _a0151694753 | ||
| 040 |
_aDLC _cDLC _dDLC _beng |
||
| 041 | 1 | _aengfre | |
| 050 | 0 | 0 |
_aPQ2637.I53 _bB6413 1988 |
| 080 |
_a821.111 _bS-61 |
||
| 082 | 0 | 0 |
_a843/.912 _219 |
| 100 | 1 |
_aSimenon, Georges, _d1903-1989. |
|
| 240 | 1 | 0 |
_aBoule noire. _lEnglish |
| 245 | 1 | 4 |
_aThe rules of the game / _cGeorges Simenon ; translated by Howard Curtis. _b/ by: Harcourt Brace Jovanovich Publishers |
| 250 | _a1st edition | ||
| 260 |
_aSan Diego _bHarcourt Brace Jovanovich Publishers _cc1988. |
||
| 300 |
_a154 p. _c22 cm. |
||
| 365 | _b18.95 usd | ||
| 500 | _aTranslation of: La boule noire. | ||
| 500 | _a"A Helen and Kurt Wolff book." | ||
| 650 | 0 |
_9254 _aEnglish literature |
|
| 653 | _aინგლისური ლიტერატურა | ||
| 700 |
_9812 _aCurtis, Howard _eTranslator |
||
| 906 |
_a7 _bcbc _corignew _d1 _eocip _f19 _gy-gencatlg |
||
| 942 |
_2udc _cBK _e1 |
||
| 999 |
_c1289 _d1289 |
||